| 000 | 00949cab a22002415a 4500 | ||
|---|---|---|---|
| 001 | L160035 | ||
| 008 | 150113e2016 xxk 000 0 eng d | ||
| 035 | _a(Sirsi) u160036 | ||
| 041 | 0 | _aeng | |
| 050 | _a690.072 | ||
| 100 | 1 | _aMacDonald, Craig | |
| 245 | 0 | 2 |
_aA picture paints a thousand words _h[electronic resource] |
| 260 |
_aLondon _bRICS _c2016 |
||
| 490 |
_aRICS Building Surveying Journal _vMarch 2016 - April 2016, 18-19(2) |
||
| 520 | _aAlthough tablets are becoming ubiquitous in data capture, they are not always the right answer. | ||
| 650 | 2 | 4 | _aDATA COLLECTION |
| 650 | 2 | 4 | _aDIGITAL TECHNOLOGY |
| 651 | 4 |
_aUnited Kingdom _y |
|
| 690 |
_aBuilding surveying _96225 |
||
| 856 | 4 | 0 |
_uhttps://www.rics.org/Global/BSJ-BCJ%20March-April%202016_v2.pdf _zView the article free of charge at www.rics.org... |
| 856 | 4 | 0 |
_uhttps://www.rics.org/Global/BSJ-BCJ%20March-April%202016_v2.pdf _yAvailable free online via Issuu |
| 942 |
_n0 _2ddc |
||
| 999 |
_c85151 _d85151 |
||